Mil veces hasta siempre / (Registro nro. 4333)

Detalles MARC
000 -LEADER
fixed length control field 00994nam a2200253Ia 4500
003 - CONTROL NUMBER IDENTIFIER
control field OSt
005 - DATE AND TIME OF LATEST TRANSACTION
control field 20250619101840.0
008 - FIXED-LENGTH DATA ELEMENTS--GENERAL INFORMATION
fixed length control field 191128s2017 sp br 000 f spa d
020 ## - INTERNATIONAL STANDARD BOOK NUMBER
International Standard Book Number 9789585643017
040 ## - CATALOGING SOURCE
Original cataloging agency CO-JMCR
Transcribing agency CO-JMCR
041 ## - LANGUAGE CODE
Language code of text/sound track or separate title spa
082 ## - DEWEY DECIMAL CLASSIFICATION NUMBER
Classification number J-N
Item number GREm
100 1# - MAIN ENTRY--PERSONAL NAME
Personal name Green, John,
Dates associated with a name 1977
Relator term autor
9 (RLIN) 7147
245 10 - TITLE STATEMENT
Title Mil veces hasta siempre /
Statement of responsibility, etc. John Green ; traducción de Noemí Sobregués
250 ## - EDITION STATEMENT
Edition statement Primera edición
260 14 - PUBLICATION, DISTRIBUTION, ETC.
Place of publication, distribution, etc. España :
Name of publisher, distributor, etc. Nube de tinta,
Date of publication, distribution, etc. 2017
300 ## - PHYSICAL DESCRIPTION
Extent 298 páginas ;
Dimensions 21 cm
500 ## - GENERAL NOTE
General note Biografia del autor en solapa delantera
520 ## - SUMMARY, ETC.
Summary, etc. Aza nunca tuvo intención de investigar el ministerio del multimillonario fugitivo Russell Pickett. Pero hay una recompensa de cien mil dólares en un juego, y su mejor y mas intrepida amiga, Daisy, no está dispuesta a dejarla escapar.
534 ## - ORIGINAL VERSION NOTE
Introductory phrase Turtles all the way down
650 14 - SUBJECT ADDED ENTRY--TOPICAL TERM
Topical term or geographic name entry element Novela estadounidense
9 (RLIN) 7148
700 ## - ADDED ENTRY--PERSONAL NAME
Personal name Sobregués, Noemí,
Relator term traductora
9 (RLIN) 7149
942 ## - ADDED ENTRY ELEMENTS (KOHA)
Source of classification or shelving scheme Dewey Decimal Classification
Koha item type Books
Existencias
Withdrawn status Lost status Source of classification or shelving scheme Damaged status Not for loan Collection code Home library Current library Date acquired Source of acquisition Total Checkouts Total Renewals Full call number Barcode Date last seen Date last checked out Copy number Price effective from Koha item type
    Dewey Decimal Classification     Fiction Biblioteca Pública José María del Castillo y Rada Biblioteca Pública José María del Castillo y Rada 11/28/2019 Donación 19 7 J-N GREm 201811799 06/16/2025 04/28/2025 Ej.1 11/28/2019 Books